NFL Career Rushing Leaders - Statistics

General Stats
  • This quiz has been taken 89 times
  • The average score is 16 of 20
Answer Stats
Yards Answer Team % Correct
15,269 Barry Sanders Detroit Lions
99%
18,355 Emmitt Smith Dallas Cowboys
99%
16,726 Walter Payton Chicago Bears
97%
12,276 Adrian Peterson Minnesota Vikings
94%
13,684 LaDanian Tomlinson San Diego Chargers
94%
14,026 Frank Gore San Francisco 49ers
92%
13,662 Jerome Bettis Pittsburgh Steelers
90%
12,312 Jim Brown Cleveland Browns
90%
13,259 Eric Dickerson Los Angeles Rams
87%
12,279 Marshall Faulk St. Louis Rams
87%
14,101 Curtis Martin New York Jets
82%
12,246 Edgerrin James Indianapolis Colts
74%
12,120 Franco Harris Pittsburgh Steelers
74%
12,074 Thurman Thomas Buffalo Bills
70%
12,739 Tony Dorsett Dallas Cowboys
69%
12,243 Marcus Allen Los Angeles Raiders
68%
11,695 Fred Taylor Jacksonville Jaguars
61%
11,352 John Riggins Washington Redskins
56%
11,438 Steven Jackson St. Louis Rams
56%
11,241 Corey Dillon Cincinnati Bengals
52%
No matching quizzes found
Score Distribution
Percent of People with Each Score
Percentile by Number Answered
Your Score History
You have not taken this quiz